<?xml version="1.0" encoding="UTF-8"?>
<record
    xmlns:xsi="http://www.w3.org/2001/XMLSchema-instance"
    xsi:schemaLocation="http://www.loc.gov/MARC21/slim http://www.loc.gov/standards/marcxml/schema/MARC21slim.xsd"
    xmlns="http://www.loc.gov/MARC21/slim">

  <leader>02504cam a22003857a 4500</leader>
  <controlfield tag="003">OSt</controlfield>
  <controlfield tag="005">20180117160905.0</controlfield>
  <controlfield tag="008">180117s2016    spca          000 0 cat|d</controlfield>
  <datafield tag="017" ind1=" " ind2=" ">
    <subfield code="a">DL B 22801-2016</subfield>
    <subfield code="b">Biblioteca de Catalunya  </subfield>
  </datafield>
  <datafield tag="020" ind1=" " ind2=" ">
    <subfield code="a">9788416547005</subfield>
    <subfield code="q">(carton&#xE9;)</subfield>
  </datafield>
  <datafield tag="040" ind1=" " ind2=" ">
    <subfield code="a">ES-BaCBU</subfield>
    <subfield code="b">cat</subfield>
    <subfield code="c">CDMR</subfield>
  </datafield>
  <datafield tag="245" ind1="0" ind2="2">
    <subfield code="a">L'humor gr&#xE0;fic a Barcelona </subfield>
    <subfield code="b">: 175 anys de tradici&#xF3; humor&#xED;stica catalana : (1841-2016) /</subfield>
    <subfield code="c">Jordi Artigas, Santi Barjau, Josep M. Cadena, Jaume Capdevila, Rai Ferrer, Antoni Guiral, Ricard Mas, Jordi Riera Pujal, Elo&#xEF;sa Sendra</subfield>
  </datafield>
  <datafield tag="260" ind1=" " ind2=" ">
    <subfield code="a">Barcelona :</subfield>
    <subfield code="b">Efad&#xF3;s ; Ajuntament de Barcelona,</subfield>
    <subfield code="c">2016</subfield>
  </datafield>
  <datafield tag="300" ind1=" " ind2=" ">
    <subfield code="a">214 p&#xE0;gines :</subfield>
    <subfield code="b">il&#xB7;lustracions ;</subfield>
    <subfield code="c">27 cm</subfield>
  </datafield>
  <datafield tag="505" ind1="8" ind2=" ">
    <subfield code="a">Cont&#xE9;: Pr&#xF2;leg / Jaume Capdevia - L'Humorisme gr&#xE0;fic, una activitat art&#xED;stica i period&#xED;stica / Santi Barjau - Fons i col&#xB7;leccions de l'Arxiu Hist&#xF2;ric de la Ciutat de Barcelona, els dibuixos per a publicacions peri&#xF2;diques com a element de patrimoni / Elo&#xEF;sa Sendra - Tom&#xE0;s Padr&#xF3; a "La Flaca" (1868-1897) i l'ecolosi&#xF3; de la caricatura a la premsa pol&#xED;tica / Jaume Capdevila - Els alcaldes de Barcelona en caricatura / Josep M. Cadena - Qui no anuncia no ven!, els artistes catalans i la publicitat (1888-1929) / Ricard Mas - La "Mem&#xF2;ria dels Dibuixants", projecte de recuperaci&#xF3; hist&#xF2;rica / Jordi Artigas - "T&#xED;o Vivo", cinc dibuixants a contracorrent / Antoni Guiral - Tres revistes infantils en catal&#xE0; en ple franquisme, "Cavall Fort", "L'Infantil-Tretzevents" i "Patufet" / Jordi Riera Pujal - La Transici&#xF3; democr&#xE0;tica : Perich, entre "Cavall Fort" i "Por Favor" / Rai Ferrer</subfield>
  </datafield>
  <datafield tag="610" ind1="2" ind2="0">
    <subfield code="a">Arxiu Hist&#xF2;ric de la Ciutat (Barcelona, Catalunya)</subfield>
    <subfield code="9">3217</subfield>
  </datafield>
  <datafield tag="650" ind1=" " ind2="7">
    <subfield code="a">Humorisme gr&#xE0;fic catal&#xE0;</subfield>
    <subfield code="x">Hist&#xF2;ria</subfield>
    <subfield code="2">lemac</subfield>
  </datafield>
  <datafield tag="650" ind1=" " ind2="4">
    <subfield code="a">Humorisme gr&#xE0;fic catal&#xE0;</subfield>
    <subfield code="y">1841-2016</subfield>
  </datafield>
  <datafield tag="650" ind1=" " ind2="4">
    <subfield code="a">S&#xE0;tira pol&#xED;tica catalana</subfield>
  </datafield>
  <datafield tag="650" ind1=" " ind2="4">
    <subfield code="a">Revistes catalanes</subfield>
    <subfield code="z">Barcelona</subfield>
    <subfield code="y">1841-2016</subfield>
    <subfield code="9">4401</subfield>
  </datafield>
  <datafield tag="650" ind1="0" ind2="4">
    <subfield code="a">C&#xF2;mics</subfield>
    <subfield code="z">Barcelona  </subfield>
    <subfield code="9">3313</subfield>
    <subfield code="x">Hist&#xF2;ria i cr&#xED;tica</subfield>
  </datafield>
  <datafield tag="650" ind1="0" ind2="4">
    <subfield code="a">Dibuixants</subfield>
    <subfield code="z">Barcelona</subfield>
    <subfield code="9">3384</subfield>
  </datafield>
  <datafield tag="650" ind1="0" ind2="7">
    <subfield code="a">Alcaldes</subfield>
    <subfield code="z">Barcelona (Catalunya)</subfield>
    <subfield code="x">Caricatures, dibuixos humor&#xED;stics, etc.</subfield>
    <subfield code="2">lemac</subfield>
  </datafield>
  <datafield tag="700" ind1="1" ind2=" ">
    <subfield code="a">Artigas, Jordi,</subfield>
    <subfield code="d">1948-,</subfield>
  </datafield>
  <datafield tag="700" ind1="1" ind2=" ">
    <subfield code="a">Barjau, Santi </subfield>
    <subfield code="d">1962 -</subfield>
    <subfield code="9">4549</subfield>
  </datafield>
  <datafield tag="700" ind1="0" ind2=" ">
    <subfield code="a">Kap</subfield>
    <subfield code="d">1974-,</subfield>
    <subfield code="9">1346</subfield>
  </datafield>
  <datafield tag="700" ind1="1" ind2=" ">
    <subfield code="a">Cadena, Josep M.</subfield>
    <subfield code="d">1935-</subfield>
    <subfield code="9">2992</subfield>
    <subfield code="q">(Josep Maria)</subfield>
  </datafield>
  <datafield tag="700" ind1="1" ind2=" ">
    <subfield code="a">Ferrer, Rai,</subfield>
    <subfield code="d">1942-,</subfield>
  </datafield>
  <datafield tag="700" ind1="1" ind2=" ">
    <subfield code="a">Guiral, Antoni,</subfield>
  </datafield>
  <datafield tag="700" ind1="1" ind2=" ">
    <subfield code="a">Mas, Ricard,</subfield>
    <subfield code="d">1966-,</subfield>
  </datafield>
  <datafield tag="700" ind1="1" ind2=" ">
    <subfield code="a">Riera Pujal, Jordi,</subfield>
  </datafield>
  <datafield tag="700" ind1="1" ind2=" ">
    <subfield code="a">Sendra i Salillas, Elo&#xEF;sa,</subfield>
  </datafield>
  <datafield tag="710" ind1="1" ind2=" ">
    <subfield code="a">Barcelona</subfield>
    <subfield code="b"> -- Ajuntament</subfield>
    <subfield code="9">2829</subfield>
  </datafield>
  <datafield tag="942" ind1=" " ind2=" ">
    <subfield code="c">MON</subfield>
  </datafield>
  <datafield tag="999" ind1=" " ind2=" ">
    <subfield code="c">7105</subfield>
    <subfield code="d">7105</subfield>
  </datafield>
  <datafield tag="952" ind1=" " ind2=" ">
    <subfield code="0">0</subfield>
    <subfield code="1">0</subfield>
    <subfield code="4">0</subfield>
    <subfield code="7">0</subfield>
    <subfield code="a">CDMR</subfield>
    <subfield code="b">CDMR</subfield>
    <subfield code="d">2018-01-17</subfield>
    <subfield code="e">Intercanvi</subfield>
    <subfield code="g">33.00</subfield>
    <subfield code="l">0</subfield>
    <subfield code="o">Du 10.2/23</subfield>
    <subfield code="p">CDMR18010009</subfield>
    <subfield code="r">2018-01-17</subfield>
    <subfield code="v">33.00</subfield>
    <subfield code="w">2018-01-17</subfield>
    <subfield code="y">MON</subfield>
  </datafield>
</record>
